Estadísticas para Siglo XVI

Haz click aquí para intentar la prueba.

Estadísticas generales

  • Esta prueba ha sido intentada 38 veces
  • La puntuación promedio es 16 de 20

Estadísticas de respuestas

AñoDescripciónRespuesta% Correcto
1508–1512Este artista pinta el techo de la Capilla SixtinaMichelangelo
100%
1588Este país lanza una armada condenada contra InglaterraEspaña
97%
1513Vasco Núñez de Balboa ve este océano por primera vezPacífico
97%
1500Pedro Álvares Cabral reclama este país para PortugalBrasil
91%
1520Hernán Cortés conquista este imperio nativo americanoImperio Azteca
91%
1517Este monje clava las "Noventa y cinco tesis" en la puerta de una iglesia en Wittenberg, AlemaniaMartin Lutero
91%
1547Este "terrible" líder se convierte en Zar de todas las RusiasIván el Terrible
88%
1501–Ismaíl I reunifica el país y hace del chiismo la religión oficial del Estado.Irán
85%
1543Este científico publica su teoría de que la Tierra gira alrededor del SolNicolás Copérnico
85%
1582Este calendario moderno sustituye al calendario julianoCalendario Gregoriano
82%
1558Esta "Reina Virgen" es coronada en InglaterraIsabel I
79%
1562–98Católicos y Hugonotes libran varias guerras de religión en este paísFrancia
76%
1557Portugal establece esta colonia comercial en ChinaMacao
76%
1564Este dramaturgo nace en Stratford-upon-AvonWilliam Shakespeare
76%
1519Este explorador lanza la primera expedición que circunnavega el planeta (aunque moriría por el camino)Fernando de Magallanes
74%
1506Comienza la construcción de esta enorme basílica romanaSan Pedro
74%
1519Carlos V se convierte en líder de este imperio germánicoSacro Imperio Romano Germánico
62%
1517El sultán otomano Selim I reclama este título, afirmando su liderazgo sobre la totalidad del mundo musulmánCalifa
50%
finales de 1500Sir Walter Raleigh populariza este producto del Nuevo MundoTabaco
44%
1580Este capitán de navío inglés circunnavega el mundoFrancis Drake
41%

Distribución de puntuación

Porcentaje por número respondido

Porcentaje de gente con cada puntuación

Historial de tus puntuaciones

No has intentado esta prueba.